Statistics for Which City in Germany?

Click here to take the quiz!

General Stats

  • This quiz has been taken 23,702 times
  • The average score is 14 of 20

Answer Stats

Description City % Correct
Capital of GermanyBerlin
100%
Capital of BavariaMunich
97%
Financial capital of GermanyFrankfurt
94%
This "Free and Hanseatic City" is the most populous on the River ElbeHamburg
92%
This city's cathedral was the tallest building in the world from 1880-1884Cologne
87%
Site of Nazi rallies and tribunalsNuremberg
85%
The second letter of this city is ├╝D├╝sseldorf
82%
Controversially firebombed by the US and UK in 1945Dresden
82%
Capital of West Germany, 1949-1990Bonn
82%
Home to Porsche and MercedesStuttgart
76%
The royal line of this city ruled Great Britain from 1714-1901Hanover
70%
J.S. Bach died in this cityLeipzig
63%
Ninth-largest city in Germany. Home to KruppEssen
63%
"Big 3" Allied leaders met here in August, 1945Potsdam
52%
Westernmost city in Germany and residence of CharlemagneAachen
52%
Largest German city on the Baltic SeaKiel
48%
Home to Germany's oldest UniversityHeidelberg
47%
This town gave its name to state in eastern GermanyBrandenburg
40%
Karl Benz invented the automobile while working in this city
at the intersection of the Rhine and Neckar
Mannheim
35%
This city doesn't actually existBielefeld
33%

Score Distribution

Percentile by Number Answered

Percent of People with Each Score

Your Score History

You have not taken this quiz